Pays limitrophes des Pays commençant par les lettres U, V, Y et Z - Statistiques

Statistiques générales
  • Ce quiz a été pris 784 fois
  • Le résultat moyen est 25 sur 27
Statistiques - réponses
Réponse % Correct
Russie
99%
Brésil
98%
Argentine
97%
Biélorussie
97%
Italie
97%
Arabie Saoudite
95%
Cambodge
95%
Colombie
95%
Oman
95%
Roumanie
95%
Afrique du Sud
94%
Laos
94%
Chine
93%
Guyana
93%
Pologne
93%
Moldavie
92%
Mozambique
90%
Namibie
89%
République Démocratique du Congo
89%
Angola
88%
Zimbabwe
87%
Botswana
86%
Tanzanie
86%
Zambie
86%
Hongrie
83%
Slovaquie
83%
Malawi
81%
Aucun quiz correspondant
Distribution des résultats
% des personnes avec chaque résultat
Percentile par nombre de réponses
Votre historique - résultats
Vous n’avez pas pris ce quiz